000
00247nam a2200097Ia 4500
001
715857
005
20250826162933.0
008
250824s9999 xx 000 0 und d
245
0
_a
VE DAĞLAR YANKILANDI
_c
KHALED HOSSEINI
260
_b
EVEREST YAYINLARI
999
_c
715857
_d
715857